01232nam a2200373 i 450000100060000000300080000600500170001400600190003100700150005000800410006502000270010603500230013303500240015603500250018003500210020504000310022605000210025708000100027808200140028810000320030224501120033426400620044630000250050833600310053333700330056433800430059750000230064050400290066365000250069265000210071765500270073870000310076585600620079692706FlNmELB20241217172134.0m o d | cr cnu||||||||131229s2010 mx ob 001 0 spa d a9786074022995 (e book) a(MiAaPQ)EBC3216722 a(Au-PeEL)EBL3216722 a(CaPaEBR)ebr10804497 a(OCoLC)991919915 aFINmELBbspaerdacFINmELB 4aTS176bT328 2010 a658.50 a658.52231 aTerrones Cordero, Aníbal.10aPlaneación participativa :bteoría y práctica /cAníbal Terrones Cordero, Yolanda Sánchez Torres. 1aMéxico, D. F :bPlaza y Valdés S. A. de C. V.,c2010. a1 recurso en línea atextobtxt2rdacontent/spa acomputadorabc2rdamedia/spa arecurso en líneabcr2rdacarrier/spa aContiene índice. aContiene bibliografía. 0aProduction planning. 4aPlanificación. 4aLibros electrónicos.1 aSánchez Torres, Yolanda.40uhttps://elibro.net/ereader/politecnicointernacional/38978